| 000 | 00549nam a22001697a 4500 | ||
|---|---|---|---|
| 999 |
_c21044 _d21044 |
||
| 003 | AR-CdUCM | ||
| 008 | 190725b ||||| |||| 00| 0 spa d | ||
| 020 | _a84 86874 06-8 | ||
| 040 |
_aMUNICIPALIDAD PROVINCIAL DEL CUSCO _cBIBLIOTECA MUNICIPAL DEL CUSCO |
||
| 082 |
_a949.61 / _bT95 |
||
| 110 |
_aAmnistía internacional _921957 |
||
| 245 |
_aTurquía _bDocumento de amnistía internacional / |
||
| 260 |
_aLondres : _bAmnistía internacional, _c1988. |
||
| 300 |
_a24 páginas ; _bilustraciones ; _c27 cm. |
||
| 942 |
_2ddc _cFOLLETOS |
||
| 945 | _azta | ||